| 000 | 00636nam a2200253Ia 4500 | ||
|---|---|---|---|
| 003 | OSt | ||
| 005 | 20220924152853.0 | ||
| 006 | a|||||r|||| 00| 0 | ||
| 007 | ta | ||
| 008 | 220923b |||||||| |||| 00| 0 ara d | ||
| 024 | _a345613 | ||
| 037 | _cTextual | ||
| 040 |
_aARTS _cARTS _bara |
||
| 041 |
_2ara _aara |
||
| 082 | _aY15:1(Q7), 28N6 | ||
| 100 |
_aHussain Au. _9174014 |
||
| 245 | 0 | _aShahirat al-nisafi al-aalam al-islami | |
| 260 | _c1996 | ||
| 650 |
_a ISLAM _9577 |
||
| 650 | _a SOCIOLOGY | ||
| 650 | _aCULTURE | ||
| 942 |
_hY15:1(Q7), 28N6 _cTEXL _2CC |
||
| 999 |
_c471357 _d471357 |
||